D.H. Lawrence and 'difference' /

Bibliographic Details
Main Author: Chaudhuri, Amit, 1962-
Format: Book
Language:English
Published: Oxford : Oxford ; New York : Clarendon Press ; Oxford University Press, 2003.
Subjects:
Classic Catalogue: View this record in Classic Catalogue
LEADER 01267nam a2200289 a 4500
001 0017275
003 BD-DhAAL
008 090729s2003 enk b 001 0 eng d
010 |a  2003282058 
020 |a 0199260524 (alk. paper) 
040 |a UKM  |c UKM  |d PU  |d DLC  |d BD-DhAAL 
082 0 0 |a 823.912  |2 22 
100 1 |a Chaudhuri, Amit,  |d 1962-  |9 58357 
245 1 0 |a D.H. Lawrence and 'difference' /  |c Amit Chaudhuri. 
260 |a Oxford :  |b Clarendon Press ;  |a Oxford ;  |a New York :  |b Oxford University Press,  |c 2003. 
300 |a xii, 226 p. ;  |c 23 cm 
500 |a Originally presented as the author's thesis (doctoral)--Oxford University. 
504 |a Includes bibliographical references (p. [214]-217) and index. 
526 |a ENH 
541 1 |e 00017275  |a Omni Books 
600 1 0 |a Lawrence, D. H.  |q (David Herbert),  |d 1885-1930  |x Criticism and interpretation.  |9 4533 
600 1 0 |a Lawrence, D. H.  |q (David Herbert),  |d 1885-1930  |x Knowledge  |x Psychology.  |9 58358 
650 0 |a Difference (Psychology) in literature.  |9 55839 
852 4 |a Ayesha Abed Library  |c General Stacks 
942 |2 ddc  |c BK 
999 |c 3090  |d 3090 
952 |0 0  |1 0  |2 ddc  |4 0  |6 823_912000000000000_CHA  |7 0  |9 2803  |a BRACUL  |b BRACUL  |c GEN  |d 2009-08-30  |e Omni Books  |g 1200.00  |l 0  |o 823.912 CHA  |p 3010017275  |r 2009-08-30  |t 1  |w 2009-08-30  |y BK